[Event "SR 4. liga A21 2014/2015"]
[Site "?"]
[Date "2015.01.18"]
[Round "7.5"]
[White "Kovarik, Oto"]
[Black "Podjavorinsky, Michal"]
[Result "1/2-1/2"]
[WhiteElo "1926"]
[BlackElo "1736"]
[PlyCount "126"]
[EventDate "2014.??.??"]

1. e4 Nf6 2. e5 Nd5 3. d4 d6 4. c4 Nb6 5. Nf3 dxe5 6. Nxe5 N8d7 7. Nxd7 Bxd7 8.
Nc3 e6 9. Be2 Be7 10. O-O O-O 11. b3 Bf6 12. Ne4 Bc6 13. Nxf6+ Qxf6 14. Be3 Qg6
15. Bf3 Bxf3 16. Qxf3 c6 17. a4 a6 18. d5 Nd7 19. dxc6 bxc6 20. Qxc6 Nf6 21. h3
Qc2 22. Rab1 Rfc8 23. Qf3 Qc3 24. Rfc1 Qa5 25. Bd4 Ne8 26. Bc3 Qc7 27. Qe3 Qc6
28. Be5 f6 29. Bg3 e5 30. Rd1 Nd6 31. Rd3 Nf5 32. Qd2 Nxg3 33. Rxg3 Rd8 34. Rd3
Rxd3 35. Qxd3 Rb8 36. Rc1 a5 37. c5 Kf7 38. Qc4+ Ke7 39. Rd1 Qe6 40. Qxe6+ Kxe6
41. Rd6+ Ke7 42. Rd3 Rc8 43. Rc3 Ke6 44. Kf1 Rc7 45. Ke2 Kd5 46. Rd3+ Kxc5 47.
Rc3+ Kb6 48. Rxc7 Kxc7 49. Kd3 Kb6 50. Kc4 e4 51. b4 axb4 52. Kxb4 f5 53. g4 f4
54. Kc4 Ka5 55. g5 Kxa4 56. Kd4 e3 57. fxe3 fxe3 58. Kxe3 Kb5 59. Ke4 Kc6 60.
Kf5 Kd5 61. h4 Kd6 62. h5 Ke7 63. Ke5 Kf7 1/2-1/2

[Event "SR 4. liga A21 2014/2015"]
[Site "?"]
[Date "2015.01.18"]
[Round "7.5"]
[White "Miciak, Emanuel"]
[Black "Cerovsky, Marian"]
[Result "1/2-1/2"]
[WhiteElo "1882"]
[BlackElo "1847"]
[PlyCount "87"]
[EventDate "2014.??.??"]

1. d4 d5 2. c4 Nf6 3. Nf3 c6 4. Nc3 h6 5. e3 Nbd7 6. Bd3 e6 7. O-O Be7 8. Re1
O-O 9. Qc2 Qc7 10. Bd2 a6 11. Rac1 Qb8 12. a4 dxc4 13. Bxc4 b5 14. Bd3 Bb7 15.
e4 e5 16. dxe5 Nxe5 17. Nxe5 Qxe5 18. f4 Qd4+ 19. Be3 Qd7 20. Rcd1 Qc8 21. h3
b4 22. Ne2 c5 23. Ng3 Rd8 24. b3 Bf8 25. Bc4 Rxd1 26. Rxd1 Qe8 27. e5 Nh7 28.
Qg6 Bc8 29. f5 Kh8 30. Qxf7 Qxf7 31. Bxf7 Be7 32. Rc1 Ng5 33. Bg6 Ra7 34. Bxc5
Rc7 35. Be3 Rc3 36. Bd2 Rxc1+ 37. Bxc1 Bc5+ 38. Kf1 a5 39. h4 Ba6+ 40. Ke1 Nh7
41. Bb2 Bb7 42. Kf1 Bd5 43. f6 Bxb3 44. Ne4 1/2-1/2

[Event "SR 4. liga A21 2014/2015"]
[Site "?"]
[Date "2015.01.18"]
[Round "7.5"]
[White "Damborsky, Pavol"]
[Black "Smrek, Peter"]
[Result "0-1"]
[WhiteElo "1772"]
[BlackElo "1831"]
[PlyCount "108"]
[EventDate "2014.??.??"]

1. e4 e5 2. Nf3 Nc6 3. Bc4 Bc5 4. c3 Nf6 5. d3 h6 6. h3 d6 7. a4 a5 8. Nbd2 Be6
9. Bb5 O-O 10. Bxc6 bxc6 11. O-O Qd7 12. Nh2 Nh7 13. Ndf3 f5 14. exf5 Bxf5 15.
d4 exd4 16. cxd4 Bb4 17. Be3 Nf6 18. Rc1 Nd5 19. Nh4 Bh7 20. Qg4 Qxg4 21. Nxg4
Nxe3 22. fxe3 h5 23. Nf2 c5 24. Nf3 Rae8 25. Nd1 Bd3 26. Rf2 cxd4 27. Nxd4 Be1
28. Rxf8+ Rxf8 29. Nf3 c5 30. Nf2 Bxf2+ 31. Kxf2 Rb8 32. Kg3 Rxb2 33. Ne1 Be4
34. Rc4 Rb4 35. Rc3 Rxa4 36. Nf3 Kf7 37. Ng5+ Kf6 38. Nxe4+ Rxe4 39. Ra3 a4 40.
Kf3 Ke5 41. g3 g5 42. g4 hxg4+ 43. hxg4 Rb4 44. Kg3 d5 45. Kf3 Rb3 46. Rxa4 d4
47. Ra5 Rxe3+ 48. Kf2 Kd5 49. Ra8 Re5 50. Rd8+ Kc4 51. Rf8 d3 52. Rf5 Kd4 53.
Rf8 c4 54. Rd8+ Kc3 0-1

[Event "SR 4. liga A21 2014/2015"]
[Site "?"]
[Date "2015.01.18"]
[Round "7.5"]
[White "Podjavorinsky, Peter"]
[Black "Dubecky, Ladislav"]
[Result "0-1"]
[WhiteElo "1707"]
[BlackElo "1620"]
[PlyCount "66"]
[EventDate "2014.??.??"]

1. e4 e5 2. Nf3 d6 3. d4 exd4 4. Nxd4 Nf6 5. Nc3 c5 6. Nf3 Nc6 7. Bc4 Be6 8.
Bb5 Qc7 9. O-O a6 10. Nd5 Bxd5 11. exd5 axb5 12. dxc6 bxc6 13. Bf4 Nd5 14. Bg3
Be7 15. c3 O-O 16. Qc2 h6 17. Nd2 Qd7 18. Rfd1 f5 19. Nf3 Ra4 20. b3 Re4 21.
Nd2 Re6 22. Nf3 Re4 23. Nd2 Rg4 24. h3 Rg6 25. Qd3 Bf6 26. Rac1 Be5 27. Bxe5
dxe5 28. c4 e4 29. Nxe4 Rxg2+ 30. Kf1 fxe4 31. Qxe4 Rfxf2+ 32. Ke1 Qxh3 33.
Qe8+ Rf8 0-1

[Event "SR 4. liga A21 2014/2015"]
[Site "?"]
[Date "2015.01.18"]
[Round "7.5"]
[White "Sprusansky, Ferdinand"]
[Black "Madzo, Anton"]
[Result "0-1"]
[WhiteElo "1417"]
[BlackElo "1582"]
[PlyCount "72"]
[EventDate "2014.??.??"]

1. e4 e6 2. Nc3 g6 3. Nf3 Bg7 4. d4 d6 5. Bb5+ Bd7 6. Qd3 Ne7 7. O-O O-O 8. Re1
a6 9. Bxd7 Nxd7 10. Bg5 h6 11. Bh4 Bf6 12. Bxf6 Nxf6 13. Rad1 Nh7 14. Qe3 Kg7
15. d5 e5 16. b4 f5 17. exf5 Nxf5 18. Qe4 Ng5 19. Nxg5 Qxg5 20. Rd3 h5 21. Ree3
Nxe3 22. Rxe3 Rf4 23. Qd3 Rxb4 24. h3 Rf8 25. Rg3 Qf5 26. Qe3 Rf4 27. f3 Qxc2
28. h4 Qf5 29. Rg5 Qc2 30. Rg3 b6 31. Ne2 Qc5 32. Qxc5 dxc5 33. Nxf4 Rxf4 34.
Rg5 Kf6 35. Kf2 Rxh4 36. Ke3 Kxg5 0-1

[Event "SR 4. liga A21 2014/2015"]
[Site "?"]
[Date "2015.01.18"]
[Round "7.6"]
[White "Pericka, Tomas"]
[Black "Hudacek, Josef"]
[Result "1/2-1/2"]
[WhiteElo "2010"]
[BlackElo "2037"]
[PlyCount "155"]
[EventDate "2014.??.??"]

1. e4 c5 2. Nf3 d6 3. c3 g6 4. d4 cxd4 5. cxd4 Bg7 6. Nc3 Nc6 7. h3 a6 8. Be3
e6 9. Rc1 Nge7 10. Bd3 O-O 11. Qd2 Re8 12. Bh6 Bh8 13. h4 e5 14. h5 exd4 15.
hxg6 fxg6 16. Ne2 b5 17. Kf1 Ra7 18. Bg5 Ne5 19. Nfxd4 Rc7 20. Bc2 Nc4 21. Bb3
d5 22. Qf4 Rf8 23. Qh4 Rf7 24. exd5 Qxd5 25. Rd1 Rd7 26. Nf3 Qe6 27. Rxd7 Bxd7
28. Nd2 Nf5 29. Qh3 Bxb2 30. Qd3 Qd6 31. Qb1 Nxd2+ 32. Bxd2 Qxd2 33. Rh3 Bg7
34. Rd3 Qh6 35. Bxf7+ Kxf7 36. Rxd7+ Ke8 37. Qd3 Qh1+ 38. Ng1 Qh4 39. Rc7 Bd4
40. g3 Qh2 41. Qf3 Kd8 42. Rc2 Ne3+ 43. fxe3 Qxc2 44. Qd5+ Ke7 45. exd4 Qc4+
46. Qxc4 bxc4 47. Ke2 Ke6 48. Ke3 Kf5 49. Ne2 g5 50. Nc3 h5 51. Kf3 h4 52. g4+
Ke6 53. Ke4 Kd6 54. Nd1 h3 55. Nf2 h2 56. Nh1 Kc6 57. Ng3 Kd6 58. Nh1 Kc6 59.
Nf2 Kd6 60. a3 Kc6 61. d5+ Kc5 62. d6 Kxd6 63. Kd4 c3 64. Kxc3 Ke5 65. Kd3 Kf4
66. Ke2 Kg3 67. Kf1 Kf3 68. Nh1 Kxg4 69. Kf2 Kf4 70. Ng3 g4 71. Nh1 Ke4 72. Ke2
Kf4 73. Kf2 Ke4 74. Ke2 a5 75. Ng3+ Kd4 76. Kd2 a4 77. Nh1 Ke4 78. Ke2 1/2-1/2

[Event "SR 4. liga A21 2014/2015"]
[Site "?"]
[Date "2015.01.18"]
[Round "7.6"]
[White "Vepy, Ivan"]
[Black "Skapikova, Lubica"]
[Result "1-0"]
[WhiteElo "1923"]
[BlackElo "1862"]
[PlyCount "103"]
[EventDate "2014.??.??"]

1. e4 e5 2. Bc4 Nf6 3. d3 Bc5 4. h3 h6 5. Nc3 c6 6. Nf3 d6 7. O-O Nbd7 8. a3 a5
9. Be3 O-O 10. Qd2 Bxe3 11. fxe3 Nc5 12. b4 axb4 13. axb4 Rxa1 14. Rxa1 Na6 15.
Ne2 Qe7 16. c3 Nc7 17. Ng3 d5 18. exd5 cxd5 19. Bb3 e4 20. Nd4 Qe5 21. Nf1 Qg5
22. Kh1 Qh4 23. Bc2 Ne6 24. Nf5 Qg5 25. Ne7+ Kh8 26. Nxc8 Rxc8 27. Ra7 Rc7 28.
dxe4 Nxe4 29. Ra8+ Kh7 30. Ra5 Qf5 31. Qe1 Ng3+ 32. Nxg3 Qxc2 33. Rxd5 Rxc3 34.
Kh2 Qb3 35. Rd7 Qxb4 36. Rxf7 Ng5 37. Rxb7 Qc5 38. Qb1+ Rc2 39. Rb2 Nf3+ 40.
Kh1 Ne1 41. Ne2 Qc4 42. Rxc2 Nxc2 43. Nd4 g6 44. Qxc2 Qf1+ 45. Kh2 Qf6 46. Qc7+
Kg8 47. Nf3 Qe6 48. Qd8+ Kg7 49. Qd4+ Kh7 50. Ne5 Qf6 51. Ng4 Qe6 52. Qd7+ 1-0

[Event "SR 4. liga A21 2014/2015"]
[Site "?"]
[Date "2015.01.18"]
[Round "7.6"]
[White "Sadlon, Juraj"]
[Black "Vogl, Zdenek"]
[Result "1/2-1/2"]
[WhiteElo "1820"]
[BlackElo "1909"]
[PlyCount "123"]
[EventDate "2014.??.??"]

1. e4 e5 2. Nf3 Nc6 3. Bb5 a6 4. Ba4 b5 5. Bb3 Be7 6. O-O Nf6 7. Re1 O-O 8. c3
d6 9. d3 Na5 10. Bc2 c5 11. Nbd2 Bg4 12. h3 Bh5 13. Nf1 Nc6 14. g4 Bg6 15. Ng3
Nd7 16. Nf5 Re8 17. Nxe7+ Qxe7 18. Bg5 f6 19. Be3 Nf8 20. Nh4 Ne6 21. Nxg6 hxg6
22. Bb3 g5 23. Qf3 g6 24. Kg2 Kg7 25. Bd5 Rac8 26. Rh1 Rh8 27. Rh2 Rh4 28. Qd1
Qd7 29. Qb3 Nc7 30. f3 Nxd5 31. Qxd5 Nd8 32. Bf2 Ne6 33. Bg3 Rch8 34. Qb3 Nf4+
35. Bxf4 gxf4 36. a4 f5 37. Qd1 Kf6 38. d4 exd4 39. cxd4 fxe4 40. fxe4 Qe6 41.
Qf3 g5 42. dxc5 dxc5 43. axb5 Ra8 44. e5+ Qxe5 45. Qxa8 Qxb2+ 46. Kf3 Qc3+ 47.
Ke2 Qb2+ 48. Kd3 Qxb5+ 49. Kd2 Qb2+ 50. Kd3 Qb3+ 51. Ke2 Qb2+ 52. Kf3 Qc3+ 53.
Kg2 Qxa1 54. Qf8+ Ke6 55. Qe8+ Kd5 56. Qd7+ Kc4 57. Qf7+ Kd3 58. Qf5+ Kc4 59.
Qe6+ Kd3 60. Qf5+ Kc4 61. Qe6+ Kd3 62. Qf5+ 1/2-1/2

[Event "SR 4. liga A21 2014/2015"]
[Site "?"]
[Date "2015.01.18"]
[Round "7.6"]
[White "Kubik, Peter"]
[Black "Pericka, Pavol"]
[Result "1-0"]
[WhiteElo "1826"]
[BlackElo "1789"]
[PlyCount "91"]
[EventDate "2014.??.??"]

1. e4 e5 2. Nf3 Nc6 3. Bb5 a6 4. Ba4 Nf6 5. O-O b5 6. Bb3 Be7 7. Re1 O-O 8. c3
d5 9. exd5 Nxd5 10. Nxe5 Nxe5 11. Rxe5 Nf6 12. h3 Bd6 13. Re3 Bb7 14. d4 Re8
15. Rxe8+ Qxe8 16. Nd2 Rd8 17. Kf1 c5 18. Nf3 cxd4 19. cxd4 h6 20. Be3 Nd5 21.
Qd3 Nb4 22. Qf5 Be4 23. Bxf7+ Kh8 24. Bxe8 Bxf5 25. Bf7 Nc2 26. Rc1 Rc8 27. Kg1
Rf8 28. Bb3 Nxe3 29. fxe3 Bxh3 30. Bd5 Bg4 31. Rc6 Bg3 32. Rxa6 Bd7 33. Rg6 Bc7
34. Ne5 Bxe5 35. dxe5 Re8 36. Rd6 Re7 37. e6 Be8 38. Rd8 Kh7 39. b3 Kg6 40. Ra8
Kf6 41. a4 Ke5 42. e4 Kd6 43. a5 Kc5 44. Rc8+ Kb4 45. a6 Ka5 46. a7 1-0

[Event "SR 4. liga A21 2014/2015"]
[Site "?"]
[Date "2015.01.18"]
[Round "7.6"]
[White "Sadlon, Matus"]
[Black "Hrubsa, Marian"]
[Result "0-1"]
[WhiteElo "1591"]
[BlackElo "1826"]
[PlyCount "100"]
[EventDate "2014.??.??"]

1. e4 e6 2. d4 d5 3. exd5 exd5 4. Bd3 Bd6 5. Nc3 c6 6. Nge2 Ne7 7. Bf4 Bxf4 8.
Nxf4 Qb6 9. Nce2 Qxb2 10. O-O O-O 11. Qd2 Qb6 12. Rab1 Qc7 13. Ng3 Ng6 14. Nxg6
fxg6 15. Rfe1 Bf5 16. Bxf5 gxf5 17. Qg5 h6 18. Qg6 Na6 19. Re6 Qf7 20. Nh5 Qxg6
21. Rxg6 Rf7 22. Rb3 Re8 23. Kf1 Kh7 24. Rbg3 Ree7 25. c3 Nc7 26. Nf4 Re4 27.
Nh5 Ne8 28. h3 Rh4 29. Re6 Nc7 30. Rxg7+ Rxg7 31. Nxg7 Nxe6 32. Nxe6 Re4 33.
Nc5 Re7 34. Nd3 Kg7 35. Ne5 Rc7 36. Ke2 c5 37. Kd3 c4+ 38. Ke3 Re7 39. Kd2 Kf6
40. f4 h5 41. Ke3 Re6 42. Kf3 Ra6 43. Nd7+ Ke7 44. Nc5 Rxa2 45. Nxb7 Rc2 46.
Na5 Rxc3+ 47. Ke2 Kd7 48. Nb7 Rc2+ 49. Kf3 Rd2 50. Nc5+ Kd6 0-1

[Event "SR 4. liga A21 2014/2015"]
[Site "?"]
[Date "2015.02.01"]
[Round "8.1"]
[White "Nemeckay, Rastislav"]
[Black "Hudacek, Josef"]
[Result "1/2-1/2"]
[WhiteElo "1985"]
[BlackElo "2037"]
[PlyCount "121"]
[EventDate "2014.??.??"]

1. e4 c5 2. Nf3 d6 3. Bb5+ Bd7 4. Qe2 Nc6 5. c3 g6 6. O-O Bg7 7. d3 Nf6 8. Nbd2
O-O 9. Re1 a6 10. Ba4 b5 11. Bc2 b4 12. c4 Ne8 13. Rb1 Nc7 14. Ba4 e5 15. Bxc6
Bxc6 16. Nf1 Bd7 17. Ne3 h6 18. Nd5 Nxd5 19. cxd5 f5 20. Nd2 f4 21. f3 Ra7 22.
Nc4 Rf6 23. Bd2 g5 24. a3 a5 25. Ra1 Qc7 26. Qf2 Rb7 27. axb4 axb4 28. Ra8+ Rb8
29. Rea1 Rxa8 30. Rxa8+ Kh7 31. b3 Qb7 32. Ra1 g4 33. fxg4 Bxg4 34. h3 Bc8 35.
Qf3 Rg6 36. Be1 Bf8 37. Kh2 Bd7 38. Bh4 Be8 39. Ra2 Be7 40. Be1 Rg5 41. Qf1 Bh5
42. Nd2 Rg8 43. Bf2 Ra8 44. Qa1 Rxa2 45. Qxa2 Be2 46. Qc2 Qa6 47. Nc4 Bh5 48.
Qb2 Be8 49. Qc1 Bh5 50. Qb2 Bf7 51. Qb1 h5 52. Qb2 Kh6 53. Qb1 Qa8 54. Qb2 Qa7
55. Be1 Be8 56. Bf2 Bd7 57. Be1 Bc8 58. Bf2 Kg6 59. Be1 Kh7 60. Qe2 Kg6 61. Qb2
1/2-1/2

[Event "SR 4. liga A21 2014/2015"]
[Site "?"]
[Date "2015.02.01"]
[Round "8.1"]
[White "Vepy, Ivan"]
[Black "Celustkova, Lubica"]
[Result "1-0"]
[WhiteElo "1923"]
[BlackElo "1614"]
[PlyCount "79"]
[EventDate "2014.??.??"]

1. e4 e5 2. Bc4 Nf6 3. d3 Nc6 4. a3 Be7 5. Nc3 d6 6. Nge2 Be6 7. Nd5 Na5 8. Ba2
b6 9. O-O c6 10. Nxe7 Qxe7 11. c4 d5 12. exd5 cxd5 13. b4 Nb7 14. f4 exf4 15.
Nxf4 dxc4 16. Nxe6 fxe6 17. Bxc4 Nd6 18. Bb3 O-O 19. Bg5 Kh8 20. Qe2 e5 21.
Rae1 Rae8 22. Rf3 Nb5 23. Re3 Nd4 24. Qb2 Nxb3 25. Qxb3 Qd6 26. h3 Nd7 27. Kh1
Qg6 28. Bh4 Rf4 29. Bg3 Rf5 30. R1e2 Rg5 31. Kh2 h5 32. Qa4 Qd6 33. Qxa7 Qd4
34. Qb7 Nf6 35. Qc6 h4 36. Bf2 Qf4+ 37. Kg1 Rf8 38. Rf3 Rxg2+ 39. Kxg2 Qg5+ 40.
Kh2 1-0

[Event "SR 4. liga A21 2014/2015"]
[Site "?"]
[Date "2015.02.01"]
[Round "8.1"]
[White "Sobek, Michal"]
[Black "Kubik, Peter"]
[Result "1-0"]
[WhiteElo "1684"]
[BlackElo "1826"]
[PlyCount "111"]
[EventDate "2014.??.??"]

1. e4 e5 2. Nf3 Nc6 3. Bb5 Nf6 4. d3 Bc5 5. O-O d6 6. c3 O-O 7. h3 Ne7 8. Re1
c6 9. Ba4 b5 10. Bc2 a5 11. d4 exd4 12. cxd4 Bb6 13. Nbd2 Ng6 14. Nf1 Nh5 15.
Bg5 f6 16. Be3 Ngf4 17. Qd2 Ne6 18. g4 Qe8 19. gxh5 Qxh5 20. Qe2 Qxh3 21. Ng3
Ng5 22. Bxg5 fxg5 23. Bb3+ Kh8 24. Nxg5 Qh4 25. Qh5 Qxh5 26. Nxh5 g6 27. Ng3
Bxd4 28. Re2 a4 29. Ne6 Bxe6 30. Bxe6 a3 31. Rd2 axb2 32. Rb1 Be5 33. Ne2 g5
34. Nd4 Ra6 35. Kg2 b4 36. Nf3 Bf4 37. Rdxb2 c5 38. Nd2 Ra3 39. Nc4 Rc3 40. Rd1
Rd8 41. e5 d5 42. Rxd5 Re8 43. Rd6 Rxe6 44. Rxe6 Rxc4 45. Re2 Kg8 46. Rb6 Rd4
47. e6 Rd8 48. Rc6 Re8 49. Rxc5 h6 50. Rc6 Kg7 51. Rb6 Kf6 52. Rxb4 Rxe6 53.
Rxe6+ Kxe6 54. Rxf4 gxf4 55. Kf3 Ke5 56. a4 1-0

[Event "SR 4. liga A21 2014/2015"]
[Site "?"]
[Date "2015.02.01"]
[Round "8.1"]
[White "Hrubsa, Marian"]
[Black "Klimes, Karel"]
[Result "1-0"]
[WhiteElo "1826"]
[BlackElo "1688"]
[PlyCount "111"]
[EventDate "2014.??.??"]

1. e4 e5 2. Nf3 Nc6 3. Bb5 a6 4. Bxc6 dxc6 5. O-O Bd6 6. d4 Qe7 7. dxe5 Bxe5 8.
Nxe5 Qxe5 9. Nc3 Be6 10. Be3 Rd8 11. Qe2 Nf6 12. f4 Qh5 13. Qxh5 Nxh5 14. e5 g6
15. h3 Ng3 16. Rfe1 Nf5 17. Bf2 Nd4 18. Rac1 Bf5 19. Ne4 Bxe4 20. Rxe4 Nf5 21.
g4 Ne7 22. Bh4 Rd2 23. Bf6 Rg8 24. e6 Nd5 25. exf7+ Kxf7 26. Bg5 Re8 27. Rxe8
Kxe8 28. f5 Re2 29. c4 Ne7 30. f6 Nc8 31. c5 Re5 32. Bf4 Re2 33. g5 h6 34. h4
hxg5 35. hxg5 Re4 36. Bd2 Na7 37. Kf2 Nb5 38. Rh1 Nd4 39. Rh8+ Kf7 40. Bc3 Ne6
41. Rc8 Rc4 42. Rh8 Rxc5 43. Rh7+ Kg8 44. Re7 Rf5+ 45. Ke3 Nxg5 46. Rg7+ Kf8
47. Rxg6 Nf7 48. Ke4 Nd6+ 49. Ke3 Ne8 50. Rh6 Kf7 51. Rh7+ Ke6 52. Re7+ Kd6 53.
Rxe8 b5 54. Ke4 Rf2 55. Be5+ Kd7 56. Re7+ 1-0

[Event "SR 4. liga A21 2014/2015"]
[Site "?"]
[Date "2015.02.01"]
[Round "8.1"]
[White "Wallner, Juraj"]
[Black "Danihel, Jozef"]
[Result "1/2-1/2"]
[WhiteElo "1606"]
[BlackElo "1574"]
[PlyCount "72"]
[EventDate "2014.??.??"]

1. e4 d5 2. exd5 Nf6 3. Nc3 Nxd5 4. Nxd5 Qxd5 5. Nf3 Bg4 6. Be2 Nc6 7. O-O e5
8. h3 Bxf3 9. Bxf3 e4 10. Re1 f5 11. d3 O-O-O 12. dxe4 Qxd1 13. Bxd1 Bc5 14.
exf5 Rhe8 15. Rxe8 Rxe8 16. Kf1 Ne5 17. Bf4 Nc4 18. Rb1 Re4 19. g3 Rxf4 20.
gxf4 Nd2+ 21. Ke2 Nxb1 22. c3 a5 23. Bc2 Na3 24. bxa3 Bxa3 25. f6 g6 26. Bb3
Kd7 27. Bg8 Ke8 28. Be6 Bc1 29. f5 g5 30. c4 Bb2 31. f7+ Ke7 32. Kf3 h5 33. Ke4
c6 34. f4 g4 35. hxg4 hxg4 36. Ke3 Bc1+ 1/2-1/2

[Event "SR 4. liga A21 2014/2015"]
[Site "?"]
[Date "2015.02.01"]
[Round "8.2"]
[White "Podjavorinsky, Michal"]
[Black "Sadlon, Juraj"]
[Result "1/2-1/2"]
[WhiteElo "1736"]
[BlackElo "1820"]
[PlyCount "107"]
[EventDate "2014.??.??"]

1. e4 e5 2. Nf3 Nc6 3. d4 exd4 4. Bc4 Bb4+ 5. Bd2 Qe7 6. O-O Bxd2 7. Nbxd2 Nf6
8. Re1 O-O 9. Nb3 d6 10. Nfxd4 Ne5 11. Bd3 Nxd3 12. Qxd3 Bd7 13. h3 Rfe8 14.
Re3 Nh5 15. Qc3 c5 16. Nf5 Bxf5 17. exf5 Qf6 18. Qxf6 Nxf6 19. Rxe8+ Rxe8 20.
Rd1 Rd8 21. Nxc5 Kf8 22. c3 b6 23. Nb3 a6 24. f3 Ke7 25. Nd2 d5 26. Nf1 Kd6 27.
Ne3 Kc5 28. Kf2 a5 29. Ng4 Nxg4+ 30. fxg4 d4 31. Rxd4 Rxd4 32. cxd4+ Kxd4 33.
Ke2 Ke4 34. g3 f6 35. a4 Kd4 36. Kd2 Kc4 37. h4 h6 38. Kc2 Kb4 39. b3 b5 40.
axb5 Kxb5 41. Kb2 Kb4 42. Kc2 Kb5 43. Kb2 Kc6 44. Ka3 Kb5 45. h5 Kb6 46. Ka4
Ka6 47. b4 axb4 48. Kxb4 Kb6 49. Kc4 Kc6 50. Kd4 Kd6 51. g5 hxg5 52. g4 Kc6 53.
Kc4 Kd6 54. Kd4 1/2-1/2

[Event "SR 4. liga A21 2014/2015"]
[Site "?"]
[Date "2015.02.01"]
[Round "8.2"]
[White "Pericka, Pavol"]
[Black "Miciak, Emanuel"]
[Result "1/2-1/2"]
[WhiteElo "1789"]
[BlackElo "1882"]
[PlyCount "80"]
[EventDate "2014.??.??"]

1. e4 e5 2. Bc4 Bc5 3. Nf3 d6 4. h3 Nf6 5. d3 O-O 6. Bg5 h6 7. Bh4 c6 8. Qd2 b5
9. Bb3 a5 10. a4 b4 11. O-O Nbd7 12. c3 Qc7 13. d4 exd4 14. cxd4 Bb6 15. Qf4
Nh5 16. Qc1 Ba6 17. Re1 Rac8 18. g4 Nhf6 19. g5 hxg5 20. Qxg5 Nh7 21. Qg3 c5
22. Be7 Rfe8 23. Bxd6 Qa7 24. d5 c4 25. Bc2 b3 26. Bd1 Nc5 27. Ne5 f6 28. Nc6
Rxc6 29. dxc6 Nxe4 30. Rxe4 Rxe4 31. Nc3 Rd4 32. Bb8 Qe7 33. Bf3 Rd2 34. Rf1
Rd3 35. Nd5 Qc5 36. Nxb6 Qxb6 37. Rd1 Rxd1+ 38. Bxd1 Qxc6 39. Bf3 Qd7 40. Qd6
Qxd6 1/2-1/2

[Event "SR 4. liga A21 2014/2015"]
[Site "?"]
[Date "2015.02.01"]
[Round "8.2"]
[White "Smrek, Peter"]
[Black "Sadlon, Matus"]
[Result "1/2-1/2"]
[WhiteElo "1831"]
[BlackElo "1591"]
[PlyCount "126"]
[EventDate "2014.??.??"]

1. e4 e5 2. Nf3 Nc6 3. Nc3 Nf6 4. Bc4 Be7 5. a3 O-O 6. d3 d6 7. h3 a6 8. Be3
Na5 9. Ba2 c5 10. O-O Bd7 11. Nd2 b5 12. f4 exf4 13. Rxf4 Nc6 14. Nd5 Nxd5 15.
Bxd5 Bg5 16. Rf3 Bxe3+ 17. Rxe3 Ra7 18. c3 Ne7 19. Ba2 Ng6 20. d4 Qg5 21. Qe1
Bc6 22. Rg3 Qe7 23. Bb1 Rc7 24. d5 Bd7 25. Nf3 Ne5 26. Qe3 Ng6 27. Nd2 Re8 28.
Qf3 Qe5 29. Bc2 h5 30. Rf1 Bc8 31. Qf2 Qe7 32. Nf3 Ne5 33. Nxe5 Qxe5 34. Rf3 f6
35. Rf4 Rf8 36. Bd1 Rcf7 37. h4 g6 38. g4 g5 39. hxg5 Qxg5 40. Qg2 Rg7 41. R1f2
Bxg4 42. Bxg4 hxg4 43. Qg3 Qe5 44. Rh2 Kf7 45. Rh4 Rfg8 46. Kg2 Ke7 47. Rhxg4
Rxg4 48. Rxg4 Rxg4 49. Qxg4 Qg5 50. Kf3 Qxg4+ 51. Kxg4 a5 52. b3 Kf8 53. c4 a4
54. bxa4 bxa4 55. Kf4 Ke7 56. Kf5 Kf7 57. Kf4 Kg6 58. Kg4 Kg7 59. Kh5 Kh7 60.
Kh4 Kh6 61. Kg4 Kg7 62. Kf3 Kh6 63. Kf4 Kg7 1/2-1/2

[Event "SR 4. liga A21 2014/2015"]
[Site "?"]
[Date "2015.02.01"]
[Round "8.2"]
[White "Perickova, Jana"]
[Black "Madzo, Anton"]
[Result "0-1"]
[WhiteElo "1530"]
[BlackElo "1582"]
[PlyCount "68"]
[EventDate "2014.??.??"]

1. e4 e6 2. d4 d6 3. Nf3 Be7 4. Nc3 h6 5. Be3 Bd7 6. Be2 Nf6 7. O-O O-O 8. e5
Nh7 9. Nd2 d5 10. a3 f5 11. f4 g5 12. h3 Rf7 13. Bh5 Rg7 14. Qf3 Nc6 15. Kh1
gxf4 16. Bxf4 Bg5 17. Ne2 Be8 18. c3 Nf8 19. Rg1 Kh7 20. g3 Bxh5 21. Qxh5 Qe8
22. Qf3 Qe7 23. Rg2 Ng6 24. Rag1 Rag8 25. Qh5 Bxf4 26. gxf4 Qh4 27. Qf3 Qe7 28.
Qf1 Qh4 29. Qf3 Qe7 30. Qe3 Nh4 31. Rxg7+ Rxg7 32. Rxg7+ Qxg7 33. Ng3 Ne7 34.
Nf3 Qxg3 0-1

[Event "SR 4. liga A21 2014/2015"]
[Site "?"]
[Date "2015.02.01"]
[Round "8.2"]
[White "Kosinar, Oto"]
[Black "Zachar, Michal"]
[Result "1/2-1/2"]
[WhiteElo "1000"]
[BlackElo "1000"]
[PlyCount "59"]
[EventDate "2014.??.??"]

1. e4 e5 2. Nf3 Nc6 3. Bc4 Bc5 4. O-O Nf6 5. d3 h6 6. h3 d6 7. c3 Qe7 8. Nbd2
Be6 9. b4 Bb6 10. Bb5 O-O 11. Nh4 a6 12. Bc4 Ba7 13. Ndf3 b5 14. Bxe6 Qxe6 15.
Nf5 Ne7 16. N3h4 Nxf5 17. Nxf5 d5 18. Qf3 c6 19. Be3 Bxe3 20. fxe3 Rad8 21.
Rad1 Kh7 22. Rf2 g6 23. Ng3 Rd6 24. Rdf1 Kg7 25. d4 dxe4 26. Nxe4 Nxe4 27. Qxe4
exd4 28. Qxe6 Rxe6 29. exd4 Re3 30. Rc1 1/2-1/2

[Event "SR 4. liga A21 2014/2015"]
[Site "?"]
[Date "2015.02.01"]
[Round "8.3"]
[White "Lopatievov, Alexander"]
[Black "Kovarik, Oto"]
[Result "1-0"]
[WhiteElo "1926"]
[BlackElo "1926"]
[PlyCount "99"]
[EventDate "2014.??.??"]

1. b4 d5 2. Bb2 e6 3. e3 Nf6 4. a3 c5 5. bxc5 Bxc5 6. Nf3 Nc6 7. Be2 O-O 8. O-O
a6 9. a4 Bd7 10. c4 dxc4 11. Bxc4 Rc8 12. Nc3 Na5 13. Be2 Qc7 14. d4 Be7 15.
Ne5 Rfd8 16. Rc1 Qb8 17. Nxd7 Nxd7 18. Bd3 Bd6 19. Qh5 Nf6 20. Qxa5 Bxh2+ 21.
Kh1 Bd6 22. Qg5 h6 23. Qh4 Be7 24. Qh2 Bd6 25. Qh3 e5 26. Ne4 Nxe4 27. Bxe4
exd4 28. Bxd4 Be7 29. Bb6 Rf8 30. Qf5 g6 31. Qd5 Qd6 32. Qxd6 Bxd6 33. a5 Rb8
34. Rfd1 Be5 35. Rd7 Rbc8 36. Rxc8 Rxc8 37. Rd8+ Rxd8 38. Bxd8 Kf8 39. Bxb7 Ke8
40. Bb6 Kd7 41. Bxa6 Kc6 42. Bc4 f6 43. Kg1 g5 44. g4 Bc3 45. Kg2 Kb7 46. Kf3
Be1 47. Bd4 Bxa5 48. Bxf6 Kc6 49. Bf7 Kd6 50. e4 1-0

[Event "SR 4. liga A21 2014/2015"]
[Site "?"]
[Date "2015.02.01"]
[Round "8.3"]
[White "Cerovsky, Marian"]
[Black "Zarecky, Eduard"]
[Result "0-1"]
[WhiteElo "1847"]
[BlackElo "1913"]
[PlyCount "118"]
[EventDate "2014.??.??"]

1. e4 c5 2. Nc3 Nc6 3. Nf3 g6 4. a3 Bg7 5. Bc4 e6 6. d3 Nge7 7. O-O a6 8. Ba2
O-O 9. Ne2 d5 10. exd5 Nxd5 11. Ng3 b5 12. Ne4 Qb6 13. Rb1 Nd4 14. c3 Nxf3+ 15.
Qxf3 Bb7 16. Qh3 f6 17. c4 Nc7 18. Re1 b4 19. Bb3 a5 20. a4 e5 21. Bd1 Ne6 22.
b3 Rad8 23. Be2 Nd4 24. Bf1 Bc8 25. Qe3 Nc2 26. Qe2 Nxe1 27. Qxe1 f5 28. Ng3
Bb7 29. h4 Rd4 30. h5 Qd6 31. Be3 Rh4 32. Bg5 Rg4 33. Bc1 e4 34. dxe4 fxe4 35.
Be2 Rxg3 36. fxg3 Bd4+ 37. Kh1 Bf2 38. Qd2 Qxg3 39. Qg5 Qd6 40. hxg6 Qxg6 41.
Qxg6+ hxg6 42. Kh2 e3 43. Bb2 Rf7 44. Bg4 Rh7+ 45. Bh3 e2 46. Be5 e1=Q 47. Rxe1
Bxe1 48. Kg1 Rh5 49. Be6+ Kh7 50. Bc7 Bc3 51. Bxa5 Re5 52. Bg4 Re1+ 53. Kf2 Rb1
54. Bb6 Bd4+ 55. Kg3 Rxb3+ 56. Kf4 Ra3 57. a5 b3 58. Bd1 b2 59. Bc2 Ra1 0-1

[Event "SR 4. liga A21 2014/2015"]
[Site "?"]
[Date "2015.02.01"]
[Round "8.3"]
[White "Gajarsky, Julius"]
[Black "Damborsky, Pavol"]
[Result "1-0"]
[WhiteElo "1798"]
[BlackElo "1772"]
[PlyCount "51"]
[EventDate "2014.??.??"]

1. d4 d5 2. c4 c6 3. Nc3 Nf6 4. Nf3 Be6 5. Ng5 Bd7 6. Bf4 h6 7. Nf3 Bf5 8. Qb3
b6 9. h3 e6 10. Rc1 Bd6 11. Ne5 Bxe5 12. Bxe5 Nbd7 13. cxd5 exd5 14. Bd6 Rc8
15. e3 Ne4 16. Nxe4 Bxe4 17. f3 Bf5 18. Ba6 Nf6 19. Bxc8 Qxc8 20. O-O Bd7 21.
Rfe1 Be6 22. Re2 Kd7 23. Qa3 Qb7 24. Bf8 Rxf8 25. Qxf8 Ne8 26. Rec2 1-0

[Event "SR 4. liga A21 2014/2015"]
[Site "?"]
[Date "2015.02.01"]
[Round "8.3"]
[White "Dubecky, Ladislav"]
[Black "Kozinka, Jan"]
[Result "1/2-1/2"]
[WhiteElo "1620"]
[BlackElo "1791"]
[PlyCount "47"]
[EventDate "2014.??.??"]

1. e4 c5 2. f4 e5 3. Nf3 exf4 4. Bc4 Be7 5. O-O Nh6 6. d3 O-O 7. Bxf4 Nc6 8.
Bxh6 gxh6 9. Nc3 d6 10. Nb1 Bg4 11. Qd2 Bxf3 12. Rxf3 Bg5 13. Qd1 Kh8 14. c3
Na5 15. Rf1 a6 16. a4 Nxc4 17. dxc4 Rb8 18. Qe1 Qe8 19. Rf3 Qe5 20. b3 Qg7 21.
Qg3 Qg6 22. Qh3 Qe6 23. Qg3 Qg6 24. Qh3 1/2-1/2